000 01029nam a22002657a 4500
999 _c10045
_d10045
005 20251125232825.0
008 s2543 th tha d
020 _a9746901621
040 _aNALT
041 _atha
050 _aDS578.3 ก674ร 2543
100 0 _aกิตติพงษ์ วิโรจน์ธรรมากูร
245 1 0 _aร้อยเรียงเวียงวัง [4th]
260 3 _aกรุงเทพฯ :
_bดอกหญ้า,
_c2543
300 _a272 หน้า :
_b ภาพประกอบ ;
_c 21 ซม.
650 0 4 _aราชสำนักและข้าราชสำนัก
650 0 4 _aสตรี -- ไทย
650 0 4 _aเจ้าจอมมารดา
650 0 4 _aไทย -- ความเป็นอยู่และประเพณี
650 0 4 _aไทย -- ชีวประวัติ
850 _aNALT
856 4 0 _uhttps://hdl.handle.net/20.500.14156/410508
_71
942 _cGB
_2lcc